LDR 00575naa#a2200181#i#450# 001 EN\\bibl\117726 005 20260601101630.1 011 ## _a1998-6785 100 ## _a20260323b2026####ek#y0engy0150####ca 102 ## _aRU 200 1# _aConnecting Worlds: Children of Migrants from Central Asia in the Russian Far East _eJournal article 210 1# _aVladivostok _cVladivostok State University _d2026 215 ## _a9 с. 608 ## _aJournal article _2local 700 #1 _aArdalyanova _gAnna Yur'evna 700 #1 _aVinokurova _gAnna Viktorovna 700 #1 _aKostina _gElena Y 856 4# _aojkum.editorum.ru _u